掌纹医学入门 (Record no. 18576)

000 -LEADER
fixed length control field 00468nam a22001937a 4500
003 - CONTROL NUMBER IDENTIFIER
control field MPLRDC
005 - DATE AND TIME OF LATEST TRANSACTION
control field 20220104124336.0
008 - FIXED-LENGTH DATA ELEMENTS--GENERAL INFORMATION
fixed length control field 210129b ||||| |||| 00| 0 eng d
020 ## - INTERNATIONAL STANDARD BOOK NUMBER
International Standard Book Number 7-5015-3694-5
082 ## - DEWEY DECIMAL CLASSIFICATION NUMBER
Classification number 293.23 WCX
100 ## - MAIN ENTRY--PERSONAL NAME
Personal name 王晨霞
245 ## - TITLE STATEMENT
Title 掌纹医学入门
Statement of responsibility, etc.
250 ## - EDITION STATEMENT
Edition statement 一版三刷
260 ## - PUBLICATION, DISTRIBUTION, ETC.
Place of publication, distribution, etc. 中国
Name of publisher, distributor, etc. 知识出版社
Date of publication, distribution, etc. 2005
300 ## - PHYSICAL DESCRIPTION
Other physical details 195
490 ## - SERIES STATEMENT
Series statement 掌纹医学实用秘籍
650 ## - SUBJECT ADDED ENTRY--TOPICAL TERM
Topical term or geographic name entry element 手相
942 ## - ADDED ENTRY ELEMENTS (KOHA)
Koha item type Book
-- 293.23 WCX
Holdings
Withdrawn status Lost status Source of classification or shelving scheme Damaged status Not for loan Collection code Home library Current library Shelving location Date acquired Cost, normal purchase price Total Checkouts Full call number Barcode Date last seen Date last checked out Price effective from Koha item type Public note
            Malaysian Public Library, Research and Development Centre Malaysian Public Library, Research and Development Centre   10/12/2007 27.50   293.23 WCX 00018643 17/03/2021 08/07/2017 17/03/2021 Book mplrdc

© 2022. Malaysian Public Library, Research and Development Centre. All Right ReservedE-mailmplrdc@help.edu.my 

Powered by Koha